Slovakia National Football Team - Statistics

General Stats
  • This quiz has been taken 99 times
  • The average score is 5 of 14
Answer Stats
Goals Caps Player % Correct
26 138 Marek Hamšík
93%
3 87 Milan Škriniar
69%
6 104 Martin Škrtel
54%
14 112 Juraj Kucka
43%
23 82 Róbert Vittek
38%
15 90 Ondrej Duda
36%
2 136 Peter Pekarík
36%
16 81 Róbert Mak
35%
4 91 Ján Ďurica
21%
13 43 Adam Nemec
15%
14 107 Miroslav Karhan
15%
14 45 Marek Mintál
12%
13 66 Stanislav Šesták
10%
22 58 Szilárd Németh
10%
No matching quizzes found
Score Distribution
Percent of People with Each Score
Percentile by Number Answered
Your Score History
You have not taken this quiz